| 000 | 00448nam a22001577a 4500 | ||
|---|---|---|---|
| 999 |
_c1356 _d1356 |
||
| 008 | 200122b ||||| |||| 00| 0 eng d | ||
| 082 | 0 | 0 |
_a623.8 _bB1671 |
| 100 |
_9961 _aBaker, G. S. |
||
| 245 | 1 | 0 |
_aShip design, resistance and screw propulsion, Vol - 1 _cby G S Baker |
| 250 | _a2nd | ||
| 260 |
_aLiverpool _bJournal of commerce and shipping telegraph _c1948 |
||
| 300 | _aiii,248p. | ||
| 365 | _d2.12 | ||
| 650 | 0 | _aShip Propulsion | |
| 942 | _cBK | ||